000 00449nam a2200157 a 4500
005 20140412111317.0
008 030409s19uu xx 00 eng d
020 _a1-85830-578-0
050 _aM 398.2
_bM21 1999
100 _aMcKie, Anne
245 _a50 bedtime stories /
_cwritten by Anne McKie ; illustrated by Ken McKie.
260 _aLondon :
_bGrandreams Ltd,
_c1999.
300 _a93 p. ; ill.
650 _aShort stories
999 _c104253
_d104253